Animal by Sonic Character - Statistics

General Stats
  • This quiz has been taken 44 times
  • The average score is 16 of 25
Answer Stats
Name Animal % Correct
Sonic, Shadow, Silver, Amy Hedgehog
97%
Tails Fox
94%
Eggman, Elise, Gerald, Maria Human
94%
Metal Sonic, Gamma, Omega Robot
94%
Vector Crocodile
91%
Rouge Bat
88%
Big, Blaze, Honey Cat
88%
Knuckles, Tikal Echidna
88%
Cream, Vanilla Rabbit
84%
Charmy Bee
75%
Jet Hawk
69%
Espio Chameleon
66%
Sally Squirrel
63%
Mighty Armadillo
59%
Sticks Badger
59%
Ray Flying Squirrel
56%
Bark Polar Bear
56%
Storm Albatross
50%
Infinite Jackal
50%
Wave Swallow
44%
Surge Tenrec
41%
Marine Raccoon
38%
Trip Sungazer Lizard
22%
Fang Jerboa
19%
Bean Woodpecker
16%
No matching quizzes found
Score Distribution
Percent of People with Each Score
Percentile by Number Answered
Your Score History
You have not taken this quiz